Capital to flag maps - Territories and Breakaway States - Statistics

General Stats
  • This quiz has been taken 29 times
  • The average score is 19 of 51
Answer Stats
Picture Answer % Correct
Adamstown
79%
Alofi
71%
Gibraltar
71%
Avarua
64%
Basse-Terre
64%
Douglas
57%
Edinburgh of the Seven Seas
50%
Edinburgh of the Seven Seas
50%
Flying Fish Cove
50%
George Town
50%
Georgetown
50%
Hagåtña
50%
Jamestown
50%
Atafu (unofficial)
43%
Kingston
43%
Nuuk
43%
Oranjestad
43%
Oranjestad
43%
Plymouth/Brades
43%
San Juan
43%
St Helier
43%
Gustavia
36%
Hamilton
36%
Mamoudzou
36%
Mariehamn
36%
Nouméa
36%
Papeete
36%
Philipsburg
36%
Stanley
36%
The Valley
36%
Tórshavn
36%
Canberra
29%
Charoltte Amalie
29%
Diego Garcia
29%
Episkopi Cantonment
29%
Pago Pago
29%
Road Town
29%
Saint-Denis
29%
The Bottom
29%
West Island
29%
Kralendijk
21%
Longyearbyen
21%
Olonkinbyen
21%
Saint Peter Port
21%
Saint-Pierre
21%
Saipan
21%
Sukhumi
21%
King Edward Point
14%
Mata Utu
14%
Jervis Bay Village
7%
Port-aux-Français
7%
No matching quizzes found
Score Distribution
Percent of People with Each Score
Percentile by Number Answered
Your Score History
You have not taken this quiz